| 000 | 00442nam a2200169 a 4500 | ||
|---|---|---|---|
| 001 | 6369 | ||
| 003 | CO-ViMGA | ||
| 008 | 141112s2004 ck r 000 u spa d | ||
| 040 |
_aCO-ViMGA _bspa _cCO-ViMGA |
||
| 082 | 0 | 4 | _a693 T611 |
| 100 | 1 |
_aTobar, Luís Alejandro _95098 |
|
| 245 | 1 | 0 | _aCimientos, estructuras, cerramientos |
| 300 | _a162 p : il | ||
| 490 | _aEl arte de construir | ||
| 650 | 1 | 4 |
_aCONSTRUCCIONES CIVILES _95099 |
| 942 |
_2ddc _cBK |
||
| 999 |
_c18339 _d18339 |
||